000 00804nam a22002177a 4500
008 090305t xxu||||| |||| 00| 0 eng d
010 _aENG-93079
020 _c75.00
035 _aEN-76612
037 _bDBAD / PUB
040 _adpl
_bEnglish
082 _a361.65
100 _aSanthi, S.
245 _aWelfare programmes of Tamilnadu under the DMK government /
_cby S. Santhi
260 _aChennai
_bToday Graphics
_c2008
270 _a192, Bells Road, Chepauk
_bChennai
_e600014
300 _a110p.
_c20cm (pbk)
650 _aPublic welfare
_xIndia
_xTamil Nadu
942 _2ddc
_cEN
_mSAN
_h361.65
999 _c24863
_d24863